000
00334nam a22001457a 4500
005
20160630095137.0
008
160630b xxu||||| |||| 00| 0 eng d
041
_a
eng
082
_b
10918
245
_a
Indias financial sector an assessment
260
_b
Combridge
_c
2009
300
_a
303
650
_a
Management
_9
241
942
_c
BK
999
_c
4824
_d
4822